[Event "Moscow RUS"]
[Site "?"]
[Date "2006.02.08"]
[Round "2"]
[White "Shimanov Alexandr"]
[Black "Zilbert Oleg"]
[Result "1-0"]
[WhiteElo "2300"]
[BlackElo "2354"]
[PlyCount "85"]
[EventDate "2006.??.??"]
[Source "www.chesslib.no"]
[SourceDate "2004.05.04"]

1. d4 d6 2. c4 g6 3. Nc3 Bg7 4. e4 Nc6 5. Be3 e5 6. d5 Nce7 7. Nf3 Nf6 8. Be2 O-O 9. Nd2 c5 10. a3 Ne8 11. b4 b6 12. Rb1 f5 13. f3 Bd7 14. Bd3 Nf6 15. Bc2 fxe4 16. fxe4 Ng4 17. Bg1 Bh6 18. Qe2 Kg7 19. Ba4 Ng8 20. bxc5 dxc5 21. Bxd7 Qxd7 22. Nf3 Rae8 23. h3 N4f6 24. Bh2 Nh5 25. Nxe5 Qe7 26. Nf3 Rxf3 27. Qxf3 Rf8 28. Qd3 Qh4+ 29. Kd1 Rf2 30. Ne2 Ngf6 31. g4 Qg5 32. Ke1 Qh4 33. Kd1 Qg5 34. Rb2 Nd7 35. e5 Nxe5 36. Qc3 Rxh2 37. Rxh2 Nf6 38. Ng3 Nf3 39. Ne4 Qf4 40. Qxf6+ Qxf6 41. Nxf6 Nxh2 42. Ne4 Nf1 43. g5 1-0

[Event "Buenos Aires Clarin Open"]
[Site "Buenos Aires ARG"]
[Date "1995.??.??"]
[Round "8"]
[White "Slipak, Sergio"]
[Black "Iglesias, Alejandro"]
[Result "1-0"]
[WhiteElo "2450"]
[BlackElo "2200"]
[PlyCount "53"]
[EventDate "1995.05.??"]
[Source "www.chesslib.no"]
[SourceDate "2004.05.04"]

1. d4 d6 2. c4 g6 3. Nc3 Bg7 4. e4 Nc6 5. Be3 e5 6. d5 Nce7 7. g4 f6 8. h4 Nh6 9. g5 Nf7 10. gxf6 Bxf6 11. Qd2 c5 12. O-O-O a6 13. Nf3 h6 14. Bh3 b5 15. Be6 bxc4 16. Rdg1 h5 17. Ng5 Nxg5 18. Bxg5 Ng8 19. f4 Bxg5 20. Rxg5 Qf6 21. fxe5 dxe5 22. Qg2 Qf4+ 23. Kb1 Bxe6 24. dxe6 O-O-O 25. Nd5 Rxd5 26. exd5 c3 27. d6 1-0

[Event "Salo We SalSK op"]
[Site "?"]
[Date "1998.??.??"]
[Round "3"]
[White "Maki Uuro Miika"]
[Black "Lehto Ville"]
[Result "0-1"]
[WhiteElo "2315"]
[BlackElo "2325"]
[PlyCount "74"]
[EventDate "1998.??.??"]
[Source "www.chesslib.no"]
[SourceDate "2004.05.04"]

1. d4 d6 2. c4 g6 3. Nc3 Bg7 4. e4 Nc6 5. Nge2 e5 6. d5 Nd4 7. Be3 Bg4 8. f3 Bxf3 9. Qa4+ c6 10. dxc6 bxc6 11. gxf3 Nxf3+ 12. Kf2 Nh4 13. Qxc6+ Kf8 14. Nd5 Rc8 15. Qa6 Nf6 16. Nxf6 Qxf6+ 17. Ke1 Rd8 18. Ng3 h5 19. Kd1 Qf3+ 20. Kd2 Ng2 21. Bxg2 Qxg2+ 22. Kd3 h4 23. Ne2 f5 24. Qb7 d5 25. exd5 Qe4+ 26. Kd2 f4 27. Bc5+ Kg8 28. Nc3 Qg2+ 29. Kd3 Kh7 30. Rhe1 Rhe8 31. Ne4 Rb8 32. Qf7 Rxb2 33. Rac1 Reb8 34. Qe7 Rxa2 35. Qxh4+ Kg8 36. d6 Rb3+ 37. Rc3 Qc2# 0-1

[Event "Kuala Lumpur Interzonal women"]
[Site "Kuala Lumpur MAS"]
[Date "1990.??.??"]
[Round "6"]
[White "Alexandria, Nana G"]
[Black "Hoiberg, Nina"]
[Result "1-0"]
[WhiteElo "2360"]
[BlackElo "2275"]
[PlyCount "99"]
[EventDate "1990.06.??"]
[Source "www.chesslib.no"]
[SourceDate "2004.05.04"]

1. d4 d6 2. c4 g6 3. Nc3 Bg7 4. e4 Nc6 5. Be3 e5 6. Nge2 exd4 7. Nxd4 Nge7 8. Be2 O-O 9. O-O f5 10. Qd2 fxe4 11. Nxe4 Nf5 12. Nxf5 Bxf5 13. Ng3 Be6 14. Rad1 Ne5 15. b3 a5 16. Bg5 Qc8 17. Bh6 Bxh6 18. Qxh6 Nf7 19. Qe3 a4 20. b4 b5 21. Ne4 bxc4 22. f4 Nh6 23. Ng5 Bf7 24. Nxf7 Nxf7 25. Bxc4 Re8 26. Qc3 Qf5 27. Bd5 Rab8 28. Rd2 c5 29. bxc5 dxc5 30. Qxc5 Rec8 31. Qe7 Re8 32. Qg5 a3 33. Qxf5 gxf5 34. Bb3 Kf8 35. Rd7 Re7 36. Rxe7 Kxe7 37. Re1+ Kf8 38. Re6 Rb7 39. Rf6 Kg7 40. Rxf5 Nd6 41. Ra5 Rb4 42. g3 Nb5 43. Ra4 Rxa4 44. Bxa4 Nd4 45. Kf2 h5 46. Ke3 Nf5+ 47. Ke4 Kf6 48. Bd1 Nd6+ 49. Kd5 Nf5 50. Bxh5 1-0

[Event "Oberliga Wuert 9495"]
[Site "Wuerttemberg"]
[Date "1995.??.??"]
[Round "?"]
[White "Jurek, Josef"]
[Black "Frick, Christoph"]
[Result "1/2-1/2"]
[WhiteElo "2355"]
[BlackElo "2255"]
[PlyCount "148"]
[EventDate "1994.10.??"]
[Source "www.chesslib.no"]
[SourceDate "2004.05.04"]

1. d4 d6 2. c4 g6 3. Nc3 Bg7 4. e4 Nc6 5. Be3 e5 6. d5 Nd4 7. Nge2 Nxe2 8. Bxe2 Nf6 9. c5 O-O 10. O-O Ne8 11. a4 f5 12. f3 Rf7 13. a5 f4 14. Bf2 Bf8 15. cxd6 Nxd6 16. Nb5 Bd7 17. Qb3 Bxb5 18. Bxb5 g5 19. Rfe1 h5 20. Bf1 g4 21. Qc3 Qg5 22. g3 Re8 23. Bg2 fxg3 24. hxg3 gxf3 25. Bxf3 Nb5 26. Qe3 Qg6 27. Qe2 Nd4 28. Bxd4 exd4 29. Bxh5 Qxg3+ 30. Qg2 Qxg2+ 31. Kxg2 Rg7+ 32. Kf3 Re5 33. Bg4 Bb4 34. Rg1 Kf8 35. Ra4 Bd6 36. Rg2 Bc5 37. Rc4 b6 38. b4 Bd6 39. Rxd4 Reg5 40. Rc4 Be5 41. axb6 axb6 42. Rcc2 Ke7 43. Ra2 Rf7+ 44. Bf5 Rxg2 45. Rxg2 Rg7 46. Bg4 Kd6 47. Rc2 Ke7 48. Rc6 Rf7+ 49. Bf5 Kd8 50. Re6 Re7 51. Rh6 Rg7 52. Bg4 Rf7+ 53. Ke2 Rg7 54. Kf3 Rf7+ 55. Bf5 Rg7 56. Bg6 Bc3 57. b5 Bd2 58. Rh8+ Ke7 59. Re8+ Kd6 60. Re6+ Kc5 61. Be8 Bb4 62. Ke3 Kc4 63. Kf4 Kd4 64. Bg6 Rg8 65. Kg5 Rf8 66. Bf5 Bd6 67. Kg6 Be5 68. Rc6 Rg8+ 69. Kf7 Rg3 70. Rc1 Re3 71. Ke6 Bh2 72. Kd7 Rc3 73. Rh1 Bd6 74. Kc8 Rb3 1/2-1/2

[Event "Oberliga Wuert 9495"]
[Site "Wuerttemberg"]
[Date "1995.??.??"]
[Round "?"]
[White "Schmitt, Axel"]
[Black "Frick, Christoph"]
[Result "1/2-1/2"]
[WhiteElo "2355"]
[BlackElo "2255"]
[PlyCount "69"]
[EventDate "1994.10.??"]
[Source "www.chesslib.no"]
[SourceDate "2004.05.04"]

1. d4 d6 2. c4 g6 3. Nc3 Bg7 4. e4 Nc6 5. Nge2 e5 6. Be3 Nh6 7. f3 f5 8. d5 Ne7 9. Qd2 Nf7 10. Nc1 c5 11. a3 O-O 12. Be2 Bd7 13. b4 b6 14. O-O Kh8 15. Rb1 f4 16. Bf2 g5 17. Nd3 Ng8 18. bxc5 dxc5 19. Nxc5 bxc5 20. Bxc5 Qc7 21. Bf2 Rfb8 22. c5 Rxb1 23. Rxb1 Rb8 24. Nb5 Bxb5 25. Rxb5 Rxb5 26. Bxb5 Bf8 27. d6 Nxd6 28. cxd6 Bxd6 29. h4 h6 30. Qd5 Bxa3 31. Bc4 Nf6 32. Qa8+ Kg7 33. hxg5 hxg5 34. Qxa7 Qxa7 35. Bxa7 1/2-1/2

[Event "Corr"]
[Site "?"]
[Date "1999.??.??"]
[Round "?"]
[White "Scho Christian"]
[Black "Tarmak Mart"]
[Result "1/2-1/2"]
[WhiteElo "2319"]
[BlackElo "2270"]
[PlyCount "39"]
[EventDate "1999.??.??"]
[Source "www.chesslib.no"]
[SourceDate "2004.05.04"]

1. d4 d6 2. c4 g6 3. Nc3 Bg7 4. e4 Nc6 5. d5 Nd4 6. Be3 c5 7. Nge2 Qb6 8. Na4 Qa5+ 9. Bd2 Qa6 10. Nxd4 Bxd4 11. Nc3 Bd7 12. Bd3 Nf6 13. O-O O-O 14. h3 e6 15. Bh6 Rfe8 16. Ne2 exd5 17. exd5 Be5 18. f4 Bxb2 19. Rb1 Qxa2 20. Rf2 1/2-1/2

[Event "Krumbach Open"]
[Site "Krumbach"]
[Date "1991.??.??"]
[Round "5"]
[White "Panzer, Peter"]
[Black "Lorscheid, Gerhard"]
[Result "1/2-1/2"]
[WhiteElo "2285"]
[BlackElo "2290"]
[PlyCount "80"]
[EventDate "1991.03.??"]
[Source "www.chesslib.no"]
[SourceDate "2004.05.04"]

1. d4 d6 2. c4 g6 3. Nc3 Bg7 4. e4 Nc6 5. d5 Nd4 6. Be3 c5 7. Nge2 Qb6 8. Na4 Qa5+ 9. Bd2 Qa6 10. Nxd4 Bxd4 11. Bc3 Bd7 12. Bxd4 Bxa4 13. b3 cxd4 14. bxa4 Qa5+ 15. Qd2 Qxd2+ 16. Kxd2 Nf6 17. Kd3 Ng4 18. Kxd4 Nxf2 19. Rg1 Ng4 20. Be2 Nf6 21. a5 Nd7 22. Rab1 Nc5 23. e5 f6 24. e6 O-O 25. Rb5 Rac8 26. Rgb1 Rc7 27. Rxc5 dxc5+ 28. Ke4 Rd8 29. a6 b6 30. Bd1 Rd6 31. Ba4 Kf8 32. Rf1 Kg7 33. g4 h6 34. h4 Rc8 35. h5 f5+ 36. gxf5 gxf5+ 37. Rxf5 Rf8 38. Rxf8 Kxf8 39. Kf5 Kg7 40. Bd7 Kh7 1/2-1/2

[Event "Calcutta op2"]
[Site "Calcutta IND"]
[Date "1994.??.??"]
[Round "?"]
[White "Gokhale, Anupama"]
[Black "Mishra, Neeraj-Kumar"]
[Result "1/2-1/2"]
[WhiteElo "2190"]
[BlackElo "2375"]
[PlyCount "120"]
[EventDate "1994.??.??"]
[Source "www.chesslib.no"]
[SourceDate "2004.05.04"]

1. d4 d6 2. c4 g6 3. Nc3 Bg7 4. e4 Nc6 5. Be3 e5 6. d5 Nce7 7. Qd2 f5 8. f3 f4 9. Bf2 Nf6 10. c5 O-O 11. cxd6 cxd6 12. O-O-O a6 13. Kb1 b5 14. Nge2 Bd7 15. Ka1 b4 16. Nb1 Qa5 17. Na3 Rfc8 18. Nc1 Qa4 19. Nc4 b3 20. Na3 bxa2 21. Bd3 a5 22. Nxa2 Qb3 23. Rc1 Ne8 24. Rc3 Qb7 25. Rxc8 Nxc8 26. Rc1 Bf6 27. Qe2 Nc7 28. Nc3 Bd8 29. Ncb5 Na6 30. Nc3 Bb6 31. Bxb6 Qxb6 32. Bb5 Bxb5 33. Qxb5 Qxb5 34. Ncxb5 Nc5 35. Ka2 Nd3 36. Rc7 Ne1 37. Nc4 Nxg2 38. Nbxd6 Nxd6 39. Nxd6 Nh4 40. Rc3 g5 41. Nc4 Ng6 42. d6 Kf7 43. h3 Ke6 44. Ra3 Ra6 45. b4 Rc6 46. Nxa5 Rxd6 47. Nc4 Rd4 48. Rc3 Ne7 49. b5 Rd7 50. Kb3 h5 51. Kb4 Nc8 52. Nxe5 Kxe5 53. Rxc8 g4 54. hxg4 hxg4 55. Re8+ Kd4 56. fxg4 f3 57. Rf8 Kxe4 58. Kc5 Ke3 59. Kc6 Rg7 60. Re8+ Kd3 1/2-1/2

[Event "Samara (Russia)"]
[Site "?"]
[Date "2003.??.??"]
[Round "8"]
[White "Knyazev Viktor"]
[Black "Nechepurenko Roman V"]
[Result "1/2-1/2"]
[WhiteElo "2206"]
[BlackElo "2353"]
[PlyCount "141"]
[EventDate "2003.??.??"]
[Source "www.chesslib.no"]
[SourceDate "2004.05.04"]

1. d4 d6 2. c4 g6 3. Nc3 Bg7 4. e4 Nc6 5. Be3 e5 6. d5 Nce7 7. f3 Bh6 8. Bxh6 Nxh6 9. Qd2 Nhg8 10. Nge2 f5 11. Nc1 Nf6 12. Bd3 f4 13. N1e2 O-O 14. g3 Nh5 15. g4 Nf6 16. O-O-O Bd7 17. h4 a6 18. Kb1 Qb8 19. Bc2 Qa7 20. Bb3 Rfb8 21. Qe1 b5 22. Qg1 b4 23. Qxa7 Rxa7 24. Na4 Nc8 25. Rc1 Nb6 26. Nxb6 cxb6 27. Bc2 Be8 28. Rcd1 Rc8 29. b3 Rac7 30. Bd3 a5 31. Nc1 Nd7 32. Rh2 Nc5 33. Bf1 a4 34. Rb2 Ra7 35. Rdd2 Bd7 36. Be2 Bxg4 37. fxg4 Nxe4 38. Rd3 Nc3+ 39. Kc2 a3 40. Rb1 e4 41. Rxc3 bxc3 42. Kxc3 f3 43. Bf1 Re7 44. g5 Rf8 45. Bh3 f2 46. Bf1 Rf4 47. Kb4 Rxh4 48. Kb5 Rh1 49. Ne2 Re5 50. Kxb6 Kf8 51. b4 Ke7 52. c5 dxc5 53. bxc5 Rxd5 54. Nc3 Rd2 55. Rc1 e3 56. c6 Rxf1 57. Rxf1 e2 58. Nxe2 Rb2+ 59. Kc7 Rxe2 60. Kc8 Rxa2 61. c7 Rc2 62. Kb8 Rxc7 63. Kxc7 a2 64. Kc6 Ke6 65. Kc7 Ke5 66. Kd7 Ke4 67. Ke6 Kf3 68. Ra1 Kf4 69. Kf6 Kg4 70. Rf1 Kh3 71. Ra1 1/2-1/2

[Event "Corr"]
[Site "?"]
[Date "1997.03.31"]
[Round "?"]
[White "Taboada Pedro Pablo"]
[Black "Tarmak Mart"]
[Result "1/2-1/2"]
[WhiteElo "2134"]
[BlackElo "2419"]
[PlyCount "36"]
[EventDate "1997.??.??"]
[Source "www.chesslib.no"]
[SourceDate "2004.05.04"]

1. d4 d6 2. c4 g6 3. Nc3 Bg7 4. e4 Nc6 5. Nf3 Bg4 6. d5 Nd4 7. Be2 Nxe2 8. Qxe2 Nf6 9. Be3 O-O 10. h3 Bd7 11. O-O e5 12. c5 Ne8 13. Nd2 f5 14. f3 f4 15. Bf2 Bf6 16. Rac1 Bh4 17. b4 a5 18. b5 Qg5 1/2-1/2

[Event "4NCL"]
[Site "4NCL"]
[Date "1995.??.??"]
[Round "7"]
[White "Brown, Simon D"]
[Black "Saunders, John C"]
[Result "1-0"]
[WhiteElo "2290"]
[BlackElo "2250"]
[PlyCount "71"]
[EventDate "1995.??.??"]
[Source "www.chesslib.no"]
[SourceDate "2004.05.04"]

1. d4 d6 2. c4 g6 3. Nc3 Bg7 4. e4 Nc6 5. d5 Nd4 6. Be3 c5 7. Nge2 Nxe2 8. Bxe2 f5 9. exf5 gxf5 10. Bh5+ Kf8 11. Qd2 Nf6 12. Bf3 a6 13. O-O Qe8 14. a4 Qg6 15. Ne2 Bd7 16. Ra3 h6 17. b4 b6 18. a5 cxb4 19. Qxb4 bxa5 20. Rxa5 Qe8 21. c5 dxc5 22. Bxc5 Rb8 23. Qf4 Rb5 24. Rxb5 axb5 25. Nd4 Kf7 26. Re1 Qc8 27. Rxe7+ Kg8 28. Nc6 Kh7 29. Be3 Kg8 30. Qg3 Qf8 31. Bc5 Bxc6 32. dxc6 Kh7 33. c7 Rg8 34. Qd6 Kh8 35. Bd4 Ne4 36. Qxh6# 1-0

[Event "Oberliga Wuert 9495"]
[Site "Wuerttemberg"]
[Date "1995.??.??"]
[Round "?"]
[White "Wilde, Pierre"]
[Black "Frick, Christoph"]
[Result "1/2-1/2"]
[WhiteElo "2280"]
[BlackElo "2255"]
[PlyCount "66"]
[EventDate "1994.10.??"]
[Source "www.chesslib.no"]
[SourceDate "2004.05.04"]

1. d4 d6 2. c4 g6 3. Nc3 Bg7 4. e4 Nc6 5. Be3 e5 6. d5 Nd4 7. Nge2 Nxe2 8. Bxe2 Nf6 9. O-O O-O 10. c5 Ne8 11. cxd6 Nxd6 12. Rc1 f5 13. f3 Bd7 14. Qb3 Rf7 15. a4 f4 16. Bc5 a6 17. a5 Bf8 18. Bxd6 Bxd6 19. Qxb7 Rb8 20. Qxa6 Rxb2 21. Rb1 Qb8 22. Kh1 g5 23. Qc4 Rf8 24. a6 Rxb1 25. Rxb1 Qa7 26. Nd1 Rb8 27. Rxb8+ Qxb8 28. Bd3 Kg7 29. Qc3 Qb6 30. Qb2 Qa5 31. Qc3 Qb6 32. Qb2 Qa5 33. Qc3 Qb6 1/2-1/2

[Event "Politiken Cup"]
[Site "Copenhagen"]
[Date "1999.07.06"]
[Round "4"]
[White "Hedman, Erik"]
[Black "Rossen, Claus"]
[Result "1/2-1/2"]
[WhiteElo "2348"]
[BlackElo "2184"]
[PlyCount "67"]
[EventDate "1999.07.04"]
[Source "ChessBase"]
[SourceDate "1999.09.14"]

1. d4 d6 2. c4 g6 3. Nc3 Bg7 4. e4 Nc6 5. Be3 e5 6. d5 Nce7 7. g4 f5 8. gxf5 gxf5 9. Qh5+ Ng6 10. exf5 Qh4 11. Qf3 Nf4 12. Nh3 Nxh3 13. Bxh3 Nf6 14. Qg3 Qxg3 15. fxg3 h5 16. Bg5 a6 17. Bxf6 Bxf6 18. Ne4 Kf7 19. O-O Bd7 20. Rf2 Rhg8 21. Rc1 b6 22. b4 Bg5 23. Rc3 a5 24. b5 Bh6 25. Bg2 h4 26. Bf3 hxg3 27. Bh5+ Ke7 28. f6+ Kf8 29. hxg3 Bg4 30. f7 Rg7 31. Nf6 Bxh5 32. Nd7+ Ke7 33. f8=Q+ Rxf8 34. Nxf8 1/2-1/2

[Event "04sen.ESMM Europa"]
[Site "?"]
[Date "2002.02.28"]
[Round "5.2"]
[White "Opl Klaus"]
[Black "Nautsch Werner"]
[Result "1/2-1/2"]
[WhiteElo "2263"]
[BlackElo "2264"]
[PlyCount "123"]
[EventDate "2002.??.??"]
[Source "www.chesslib.no"]
[SourceDate "2004.05.04"]

1. d4 d6 2. c4 g6 3. Nc3 Bg7 4. e4 Nc6 5. Be3 e5 6. d5 Nce7 7. g4 f5 8. f3 Nf6 9. Be2 Bd7 10. h3 O-O 11. exf5 gxf5 12. Bd3 Ng6 13. gxf5 Nh4 14. Qc2 Qc8 15. Bg5 Nxf5 16. O-O-O Nd4 17. Qg2 Nh5 18. Nge2 Nxe2+ 19. Nxe2 Kh8 20. Rhg1 Bf5 21. Be4 Qd7 22. Nc3 Rg8 23. Qf2 Raf8 24. Qh4 Nf4 25. Rg4 Bxe4 26. fxe4 Ng6 27. Qg3 Qf7 28. Be3 a6 29. Rg1 Nf4 30. Kc2 Bh6 31. Qh4 Bg7 32. Qe1 Nh5 33. Rg5 Bf6 34. Rf5 Rg6 35. Rg4 Ng7 36. Rf3 Kg8 37. Qf2 Rxg4 38. hxg4 Qg6 39. Qh2 Rf7 40. Rh3 Qxg4 41. Rg3 Qd7 42. b3 Kh8 43. Nd1 Ne8 44. Bh6 Bg7 45. Bg5 Nf6 46. Qh4 Ng8 47. Ne3 Bf6 48. Nf5 Qd8 49. Qh5 Qf8 50. Bd2 Bd8 51. Nh6 Nxh6 52. Bxh6 Rf2+ 53. Kc3 Rc2+ 54. Kd3 Qf1+ 55. Kxc2 Qf2+ 56. Kb1 Qxg3 57. Qe8+ Qg8 58. Qd7 b5 59. cxb5 axb5 60. Bg7+ Qxg7 61. Qxd8+ Qg8 62. Qxc7 1/2-1/2

[Event "Bundesliga 9495"]
[Site "GER"]
[Date "1995.??.??"]
[Round "?"]
[White "Fuhrmann, Daniel"]
[Black "Frick, Christoph"]
[Result "1/2-1/2"]
[WhiteElo "2245"]
[BlackElo "2280"]
[PlyCount "71"]
[EventDate "1994.10.??"]
[Source "www.chesslib.no"]
[SourceDate "2004.05.04"]

1. d4 d6 2. c4 g6 3. Nc3 Bg7 4. e4 Nc6 5. Be3 e5 6. d5 Nce7 7. Bd3 Nh6 8. f3 f5 9. Qd2 Nf7 10. Nge2 c5 11. dxc6 bxc6 12. Rd1 Be6 13. b4 O-O 14. O-O Kh8 15. b5 d5 16. cxd5 cxd5 17. exd5 Nxd5 18. Nxd5 Qxd5 19. Nc3 Qb7 20. Na4 Rfd8 21. Nc5 Qe7 22. Nxe6 Qxe6 23. Qa5 Bf8 24. Bc2 Bd6 25. Bb3 Qe7 26. Kh1 Ng5 27. Bd5 Rac8 28. Qxa7 Rc7 29. Qa4 Rc3 30. Bg1 Ne6 31. Bxe6 Qxe6 32. b6 Ra3 33. Qxa3 Bxa3 34. Rxd8+ Kg7 35. b7 Bd6 36. Rd1 1/2-1/2

[Event "Kuala Lumpur Interzonal women"]
[Site "Kuala Lumpur MAS"]
[Date "1990.??.??"]
[Round "14"]
[White "Gaprindashvili, Nona T"]
[Black "Rudolph, A."]
[Result "1-0"]
[WhiteElo "2435"]
[BlackElo "2090"]
[PlyCount "61"]
[EventDate "1990.06.??"]
[Source "www.chesslib.no"]
[SourceDate "2004.05.04"]

1. d4 d6 2. c4 g6 3. Nc3 Bg7 4. e4 Nc6 5. Be3 e5 6. d5 Nce7 7. h4 h5 8. Nh3 Bh6 9. Ng5 f6 10. Ne6 Bxe6 11. dxe6 Bxe3 12. fxe3 f5 13. Qb3 b6 14. g3 c6 15. O-O-O Qc7 16. Rh2 Rd8 17. Rhd2 Nf6 18. Qa3 Nc8 19. exf5 gxf5 20. Bh3 Ng4 21. Bxg4 hxg4 22. e4 O-O 23. exf5 Rxf5 24. Ne4 d5 25. cxd5 Rxd5 26. Qe3 Kg7 27. Nc3 Rxd2 28. Rxd2 Kg6 29. Rd7 Qb8 30. Qe4 Nd6 31. Qxg4+ 1-0

[Event "Camp. Commonwealth 2008"]
[Site "Nagpur IND"]
[Date "2008.10.06"]
[Round "11"]
[White "Bhagwat, V."]
[Black "Meenakshi, Sub"]
[Result "0-1"]
[WhiteElo "2187"]
[BlackElo "2336"]
[PlyCount "72"]
[EventDate "2008.09.28"]
[Source "www.chesslib.no"]
[SourceDate "2004.05.04"]

1. d4 d6 2. c4 g6 3. Nc3 Bg7 4. e4 Nc6 5. Be3 e5 6. Nge2 f5 7. f3 Nf6 8. d5 Ne7 9. Qd2 O-O 10. O-O-O a6 11. Kb1 b5 12. cxb5 axb5 13. b4 Bd7 14. Nc1 Qb8 15. Be2 Rd8 16. Bg5 c6 17. g4 c5 18. Nd3 f4 19. Rc1 Rc8 20. Kc2 Ra3 21. Kd1 cxb4 22. Nxb4 Qb6 23. Nb1 Ra4 24. Rxc8+ Nxc8 25. Kc2 Qc5+ 26. Kb3 Nb6 27. Qc3 h6 28. Bxf6 Bxf6 29. Qxc5 dxc5 30. Nc6 c4+ 31. Kb2 Nxd5 32. exd5 e4+ 33. Nc3 b4 34. Nxb4 Rxb4+ 35. Kc2 e3 36. Ne4 Ba4+ 0-1

[Event "2. League TCh-SCG"]
[Site "?"]
[Date "2003.10.03"]
[Round "7"]
[White "Jovanovic Zo1"]
[Black "Jelic Goran"]
[Result "1/2-1/2"]
[WhiteElo "2290"]
[BlackElo "2229"]
[PlyCount "63"]
[EventDate "2003.??.??"]
[Source "www.chesslib.no"]
[SourceDate "2004.05.04"]

1. d4 d6 2. c4 g6 3. Nc3 Bg7 4. e4 Nc6 5. d5 Nd4 6. Nge2 c5 7. Be3 Qb6 8. Na4 Qa5+ 9. Bd2 Qa6 10. Nxd4 Bxd4 11. Nc3 Nf6 12. Bd3 O-O 13. O-O Bd7 14. Qc2 e5 15. Ne2 b5 16. Nxd4 exd4 17. Bf4 Rab8 18. e5 Nh5 19. Bh6 dxe5 20. Bxf8 Rxf8 21. cxb5 Bxb5 22. Bxb5 Qxb5 23. Rfe1 Re8 24. Rac1 Nf4 25. a4 Qd7 26. g3 e4 27. gxf4 Qg4+ 28. Kh1 Qf3+ 29. Kg1 Qg4+ 30. Kh1 Qf3+ 31. Kg1 Qg4+ 32. Kh1 1/2-1/2

[Event "Buenos Aires tt"]
[Site "Buenos Aires ARG"]
[Date "1995.??.??"]
[Round "6"]
[White "Fulgenzi, Ernesto"]
[Black "Capaccioli, Jorge"]
[Result "1/2-1/2"]
[WhiteElo "2305"]
[BlackElo "2205"]
[PlyCount "65"]
[EventDate "1995.??.??"]
[Source "www.chesslib.no"]
[SourceDate "2004.05.04"]

1. d4 d6 2. c4 g6 3. Nc3 Bg7 4. e4 Nc6 5. Be3 e5 6. Nge2 Nh6 7. d5 Ne7 8. f3 f5 9. Qd2 Nf7 10. g3 fxe4 11. fxe4 Ng8 12. Nc1 Nf6 13. Be2 Bh3 14. Bf3 c5 15. Nd3 h5 16. Nf2 Bd7 17. h4 Bh6 18. Qe2 a6 19. a3 Bxe3 20. Qxe3 O-O 21. b4 b6 22. Rb1 Kh7 23. bxc5 bxc5 24. Kd2 Rb8 25. Rxb8 Qxb8 26. Kc2 Qc7 27. Rb1 Nh6 28. Nd3 Kg7 29. Rb3 Qa5 30. Kb2 Rf7 31. Rb7 Bg4 32. Rxf7+ Nxf7 33. Nc1 1/2-1/2

[Event "Asuncion Mayor op"]
[Site "?"]
[Date "2001.??.??"]
[Round "3"]
[White "Peralta Eduardo"]
[Black "Riego Prieto Victorio"]
[Result "1-0"]
[WhiteElo "2312"]
[BlackElo "2188"]
[PlyCount "95"]
[EventDate "2001.??.??"]
[Source "www.chesslib.no"]
[SourceDate "2004.05.04"]

1. d4 d6 2. c4 g6 3. Nc3 Bg7 4. e4 Nc6 5. Nge2 e5 6. d5 Nd4 7. Be3 Bg4 8. h3 Bxe2 9. Bxe2 c5 10. dxc6 bxc6 11. O-O Ne7 12. Bd3 O-O 13. b4 f5 14. f3 Rb8 15. Rb1 Kh8 16. a4 d5 17. Bf2 Qd7 18. cxd5 cxd5 19. Nb5 dxe4 20. fxe4 fxe4 21. Bxe4 Nef5 22. Bxf5 Rxf5 23. Nxd4 exd4 24. Qd3 Rbf8 25. b5 Qf7 26. Bg3 Qa2 27. Rxf5 Rxf5 28. Qb3 Qd2 29. Re1 Rf8 30. Kh2 h5 31. Qd5 d3 32. Re7 Qb4 33. Rd7 Qxa4 34. Be5 Rg8 35. Bxg7+ Rxg7 36. Qe5 Qf4+ 37. Qxf4 Rxd7 38. Qh6+ Kg8 39. Qxg6+ Kf8 40. Qxh5 d2 41. Qd1 Ke7 42. Kg3 Kd8 43. Kf3 Kc7 44. Ke2 Kb6 45. h4 Kxb5 46. Qb3+ Kc5 47. Kd1 a5 48. h5 1-0

[Event "Pfalz Ch"]
[Site "Waldfischbach"]
[Date "1995.??.??"]
[Round "?"]
[White "Hoegerl, Gerd"]
[Black "Haag, Guenter"]
[Result "1-0"]
[WhiteElo "2275"]
[BlackElo "2215"]
[PlyCount "85"]
[EventDate "1995.??.??"]
[Source "www.chesslib.no"]
[SourceDate "2004.05.04"]

1. d4 d6 2. c4 g6 3. Nc3 Bg7 4. e4 Nc6 5. d5 Nd4 6. Be3 c5 7. Nge2 Qb6 8. Na4 Qa5+ 9. Bd2 Qa6 10. Nxd4 Bxd4 11. Nc3 Bg7 12. Be2 Nf6 13. Nb5 Kd8 14. Bc3 Ne8 15. Qd2 h5 16. O-O Bd7 17. a4 Bxc3 18. Qxc3 f6 19. f4 Rg8 20. Bf3 b6 21. e5 Qa5 22. Qe3 a6 23. Nc3 Bf5 24. Rfe1 Ra7 25. Be4 Qb4 26. Bxf5 gxf5 27. Qe2 Rb7 28. Nd1 fxe5 29. fxe5 dxe5 30. Qxe5 Qxc4 31. Qxf5 Qg4 32. Qf2 Nd6 33. Ne3 Qg7 34. Qe2 a5 35. Rad1 h4 36. b3 Qc3 37. Rd3 Qg7 38. Nc4 Nxc4 39. bxc4 Qg4 40. Rf3 Kd7 41. Qxe7+ Kc8 42. Rf8+ Rxf8 43. Qxf8+ 1-0

[Event "34. Olympiad"]
[Site "?"]
[Date "2000.11.02"]
[Round "6"]
[White "Santa Torres Juan"]
[Black "Gillani Tunveer M D"]
[Result "1/2-1/2"]
[WhiteElo "2226"]
[BlackElo "2255"]
[PlyCount "24"]
[EventDate "2000.??.??"]
[Source "www.chesslib.no"]
[SourceDate "2004.05.04"]

1. d4 d6 2. c4 g6 3. Nc3 Bg7 4. e4 Nc6 5. Be3 Nf6 6. Be2 O-O 7. d5 Nb8 8. Nf3 Bg4 9. Nd2 Bxe2 10. Qxe2 Nbd7 11. O-O c6 12. f3 Re8 1/2-1/2

[Event "Miskolc Avas op"]
[Site "?"]
[Date "1998.??.??"]
[Round "9"]
[White "Kundrak Gabor"]
[Black "Kovacs Lajos M"]
[Result "1-0"]
[WhiteElo "2265"]
[BlackElo "2215"]
[PlyCount "39"]
[EventDate "1998.??.??"]
[Source "www.chesslib.no"]
[SourceDate "2004.05.04"]

1. d4 d6 2. c4 g6 3. Nc3 Bg7 4. e4 Nc6 5. d5 Nd4 6. Be3 c5 7. Nge2 Qb6 8. Qd2 Bd7 9. Rd1 Nxe2 10. Bxe2 Nf6 11. h3 Qa5 12. f4 a6 13. O-O b5 14. e5 Ng8 15. e6 fxe6 16. dxe6 Bxe6 17. f5 gxf5 18. Bh5+ Kf8 19. Rxf5+ Bxf5 20. Qd5 1-0

[Event "Arab Ch 8th"]
[Site "Doha QAT"]
[Date "1993.??.??"]
[Round "7"]
[White "Hashim, Ali Abdulrazak"]
[Black "Al-Khateeb, Ahmed"]
[Result "0-1"]
[WhiteElo "2205"]
[BlackElo "2270"]
[PlyCount "104"]
[EventDate "1993.??.??"]
[Source "www.chesslib.no"]
[SourceDate "2004.05.04"]

1. d4 d6 2. c4 g6 3. Nc3 Bg7 4. e4 Nc6 5. Be3 e5 6. d5 Nce7 7. Bd3 f5 8. exf5 Nxf5 9. Bxf5 Bxf5 10. Nge2 Nf6 11. f3 O-O 12. O-O Qe7 13. Ng3 Kh8 14. Qd2 Nh5 15. Rae1 Qh4 16. Nge4 Nf4 17. Kh1 Qd8 18. b4 a5 19. a3 Qd7 20. Nf2 h5 21. Rg1 Qf7 22. c5 axb4 23. axb4 Rfd8 24. cxd6 Rxd6 25. Nfe4 Rxd5 26. Nxd5 Nxd5 27. Ra1 Re8 28. Ng5 Qg8 29. Ra7 b6 30. Rd1 Nxe3 31. Qxe3 Re7 32. Rc1 Qd8 33. Ne4 Rd7 34. Raa1 Bf8 35. Qe1 Rd4 36. b5 Bh6 37. Rd1 Be3 38. Rxd4 exd4 39. Rd1 Qd5 40. Qb4 Bxe4 41. Qf8+ Qg8 42. Qxg8+ Kxg8 43. fxe4 Kf7 44. g3 Ke6 45. Kg2 Ke5 46. Kf3 g5 47. h3 g4+ 48. hxg4 hxg4+ 49. Kxg4 Kxe4 50. Rf1 d3 51. Ra1 d2 52. Rh1 Bf2 0-1

[Event "Asuncion"]
[Site "?"]
[Date "1996.07.18"]
[Round "11"]
[White "Kropff Ricardo"]
[Black "Riego Victorio"]
[Result "1-0"]
[WhiteElo "2210"]
[BlackElo "2255"]
[PlyCount "99"]
[EventDate "1996.??.??"]
[Source "www.chesslib.no"]
[SourceDate "2004.05.04"]

1. d4 d6 2. c4 g6 3. Nc3 Bg7 4. e4 Nc6 5. Be3 e5 6. d5 Nce7 7. g4 Nf6 8. f3 a5 9. Nge2 h5 10. g5 Nh7 11. Qd2 b6 12. h4 O-O 13. O-O-O Bd7 14. Rg1 a4 15. Kb1 a3 16. b4 Qc8 17. Nc1 Rd8 18. Nb3 Ba4 19. Nxa4 Rxa4 20. Ka1 c5 21. dxc6 Qxc6 22. b5 Qc7 23. Qf2 Nc8 24. Rc1 Nf8 25. Bh3 Rxc4 26. Rxc4 Qxc4 27. Rc1 Qxb5 28. Bxc8 d5 29. Qc2 d4 30. Bd2 Qe2 31. Qc7 Re8 32. Qc6 Re7 33. Qd6 Re8 34. Qc6 Re7 35. Qd6 Re8 36. Qxa3 Qxf3 37. Bb7 Ne6 38. Bd5 Nc5 39. Qa7 Nd3 40. Rb1 Rf8 41. Qxb6 Qf2 42. Qxg6 Qxh4 43. Qf5 Nf4 44. Bc4 Qg3 45. Rf1 h4 46. g6 d3 47. gxf7+ Kh8 48. Kb1 Bh6 49. Qxe5+ Kh7 50. Qf5+ 1-0